Statistics for Administrative Divisions Quiz

Click here to take the quiz!

General Stats

  • This quiz has been taken 14 times
  • The average score is 5 of 15

Answer Stats

HintAnswer% Correct
GaliciaSantiago de Compostela
82%
LiguriaGenoa
64%
VojvodinaNovi Sad
55%
MasoviaWarsaw
55%
PetenFlores
45%
OyoIbadan
36%
ChuvashiaCheboksary
27%
TshopoKisangani
27%
GandakiPokhara
27%
South KazakhstanShymkent
27%
HormozganBandar Abbas
18%
HyogoKyoto
18%
TigrayMek'ele
18%
Gyeonggi-doSuwon
18%
East Nusa TenggaraKupang
9%

Score Distribution

Percentile by Number Answered

Percent of People with Each Score

Your Score History

You have not taken this quiz